LEADER 01328nam0 22003131i 450 001 UON00401361 005 20231205104657.821 100 $a20111128d1976 |0itac50 ba 101 $aita 102 $aIT 105 $a|||| ||||| 200 1 $aChe cos'è lo strutturalismo?$elinguistica, poetica, antropologia, psicanalisi, filosofia$fOswald Ducrot ...[et al.]$gtrad. di Mario Antomelli 210 $aMilano$cIstituto Librario Internazionale$dc1976 215 $a504 p.$d20 cm. 410 1$1001UON00067616$12001 $aScienze dell'uomo$v1 606 $aStrutturalismo$xAntropologia$3UONC046329$2FI 606 $aSTRUTTURALISMO IN FILOSOFIA$3UONC046331$2FI 606 $aSTRUTTURALISMO IN PSICANALISI$3UONC046330$2FI 606 $aSTRUTTURALISMO (Linguistica)$3UONC049947$2FI 620 $aIT$dMilano$3UONL000005 702 1$aANTOMELLI$bMario$3UONV206021 702 1$aDUCROT$bOswald$3UONV120396 712 $aIstituto Librario Internazionale$3UONV273033$4650 801 $aIT$bSOL$c20251003$gRICA 899 $aSIBA - SISTEMA BIBLIOTECARIO DI ATENEO$2UONSI 912 $aUON00401361 950 $aSIBA - SISTEMA BIBLIOTECARIO DI ATENEO$dSI B M 0028 $eSI SC 6239 5 0028 $sBuono 996 $aChe cos'è lo strutturalismo$9556013 997 $aUNIOR LEADER 01644nam2 22003131i 450 001 UON00347055 005 20231205104324.748 100 $a20091123d1968 |0itac50 ba 101 $arum 102 $aRO 105 $a|||| 1|||| 200 1 $aIstoria literaturilor romanice in dezvoltarea si legaturile lor$eEpoca moderna$eDe la 1600 pina in zilele noastre$fNicolae Iorga$geditie ingrijita, note si prefata de Alexandru Dutu 210 $aBucuresti$cEditura pentru Literatura Universala$d1968 215 $a540 p.$d20 cm. 311 $aVol. 3.$9UON00347049 316 $aEx inventario : Romeno 652.$5IT-UONSI FONDOONCIULESCUB/0108/3 461 0$1001UON00347049$12001 $aIstoria literaturilor romanice in dezvoltarea si legaturile lor$fNicolae Iorga$geditie ingrijita, note si prefata de Alexandru Dutu$1210 $aBucuresti$cEditura pentru Literatura Universala$d1968$1215 $a3 v.$d20 cm.$vVol. 3. 606 $aLetteratura romena Comparata$3UONC073306$2FI 620 $aRO$dBucure?ti$3UONL000071 676 $a859$cLetteratura romena e letterature ladine$v21 700 1$aIORGA$bNicolae$3UONV018423$0210563 702 1$aDUTU$bAlexandru$3UONV131589 712 $aEditura pentru Literatura Universala$3UONV275464$4650 801 $aIT$bSOL$c20251121$gRICA 899 $aSIBA - SISTEMA BIBLIOTECARIO DI ATENEO$2UONSI 912 $aUON00347055 950 $aSIBA - SISTEMA BIBLIOTECARIO DI ATENEO$dSI ONCIULESCU B 0108/3 $eSI EO 44857 5 0108/3 Ex inventario : Romeno 652. 996 $aIstoria literaturilor romanice in dezvoltarea si legaturile lor$91183004 997 $aUNIOR